000
00496nam a2200145Ia 4500
008
090123s9999 xx 000 0 und d
082
_b
40979
245
_a
एकदाच अशी रात्र येते
250
_a
0
260
_b
डायमंड पब्लिकेशन
_c
2007
630
_a
एकदाच अशी रात्र येते
700
_a
किणीकर रॉय
730
_a
एकदाच अशी रात्र येते
942
_c
BOOK
999
_c
79052
_d
79052